|
|
|
|
| LEADER |
01703nam a22003377a 4500 |
| 001 |
mzk03001016314 |
| 003 |
CZ BrMZK |
| 005 |
20111128084430.0 |
| 007 |
ta |
| 008 |
040325s1808 hu fr|||||00| ||latod |
| 040 |
|
|
|a BOA001
|b cze
|c BOA001
|
| 041 |
0 |
|
|a lat
|a ger
|
| 072 |
|
7 |
|a 094.5
|x Tisky (19. století)
|2 Konspekt
|9 12
|
| 100 |
1 |
|
|a Lipský, Ján,
|d 1766-1826
|7 ola2007364599
|4 aut
|
| 245 |
1 |
0 |
|a Repertorium locorum objectorumque in XII. Tabulis Mappae Regnorum Hungariae, Slavoniae, Croatiae, et Confiniorum militarium Magni item Principatus Transylvaniae occurrentium, quas aeri incisas vulgavit Joannes Lipszky de Szedlicsna ...
|n P. 1.,
|p continens Regna Hungariae, Croatiae, et Slavoniae, cum Confiniis militaribus
|
| 246 |
3 |
1 |
|a Repertorium aller Oerter und Gegenstände, die in der von Johann von Lipsky ... Charte ... vorkommen, nach den verschiedenen in diesen Ländern gebräuchlichen Benennungen von demselben Verfasser bearbeitet
|
| 246 |
3 |
0 |
|a Continens Regna Hungariae, Croatiae, et Slavoniae, cum Confiniis militaribus
|
| 260 |
|
|
|a Budae :
|b t. Reg. Univ. Pestanae,
|c 1808
|
| 300 |
|
|
|a [2], 766 s. ;
|c 4°
|
| 500 |
|
|
|a Souběžný titulní list
|
| 501 |
|
|
|a Obsahuje: Přívazek stejného titulu 2. díl
|
| 546 |
|
|
|a V latinském textu německé pasáže
|
| 910 |
|
|
|a BOA001
|b MKK-0001.537,1
|
| 978 |
|
|
|b Tiskárna univerzitní
|a Budapest
|c 1808
|
| 984 |
|
|
|a Budapešť
|b Maďarsko
|
| 985 |
|
|
|a 1801-1850
|
| 990 |
|
|
|a BK
|
| 993 |
|
|
|a Y
|
| 991 |
|
|
|k mzk
|
| 996 |
6 |
|
|b 2610414322
|c MKK-0001.537,1
|l stud. ST
|r Sklad / do násl. otevíracího dne
|n 0
|w 001016314
|u 000010
|a 1
|e BOA001
|s P
|
| 994 |
|
|
|a DN
|l MZK03
|b 001016315
|m záznam 1. díla (pro objednání pokračujte kliknutím)
|n přívazek
|